00506cam a22001337a 4500008004000000082001500040245009600055260005700151300000900208440005700217650002900274650002800303700004100331180718b1930 xxu||||| |||| 00| 0 eng d aL6x73 N213 aCost of government in the United States, 1935-1937cby National Industrial Conference Board aNew YorkbNational Industrial Conference Boardc1930 av.p. aNational Industrial Conference Board studies, no.240 aTaxation --United States aFinance --United States aNational Industrial Conference Board